|
|
|
|
| LEADER |
00000cam a2200000 a 4500 |
| 001 |
vtls008323759 |
| 003 |
SK-MaSNL |
| 005 |
20260302074322.0 |
| 008 |
240314s1966 xo g 000 d slo |
| 015 |
|
|
|a SNBA1966/02-00279
|
| 035 |
|
|
|a SK01SNK19660015976
|
| 035 |
|
|
|a SKM000018439
|
| 040 |
|
|
|a SNK
|b slo
|c SNK
|e AACR2
|
| 041 |
1 |
|
|a slo
|h fre
|
| 044 |
|
|
|a xo
|c SK
|
| 080 |
|
|
|a 840-2
|2 1981
|
| 100 |
1 |
|
|a Marceau, Félicien,
|d 1913-2012
|4 aut
|9 5393
|
| 240 |
1 |
0 |
|a L'oeuf
|l Slovensky
|
| 245 |
1 |
0 |
|a Vajce
|b hra v 2. dejstvách
|c Félicien Marceau ; z franc. orig. preložila Katarína Belnayová
|
| 260 |
|
|
|a Bratislava
|b Diliza
|c 1966
|
| 300 |
|
|
|a 62, [1] s.
|c 4°
|
| 655 |
|
7 |
|a francúzske drámy
|2 SNKPH
|9 73791
|
| 700 |
1 |
|
|a Belnayová, Katarína,
|d 1941-
|4 trl
|9 40128
|
| 958 |
|
|
|a OND
|
| 958 |
|
|
|a RM
|
| 958 |
|
|
|a RK
|
| 958 |
|
|
|a LX
|
| 958 |
|
|
|a UP
|
| 958 |
|
|
|a FR
|
| 999 |
|
|
|c 1164571
|d 1166501
|
| 952 |
|
|
|t P60, <05>, [BOOK], {605}
|a SNK
|b SNK
|y VYP
|7 0
|p 17A0105421
|o snkSB 12059 D1
|0 0
|1 0
|4 0
|d 1997-10-28
|l 0
|r 2005-01-02 00:00:00
|w 2026-02-24
|
| 952 |
|
|
|a SNK
|b SNK
|y PREZ
|7 0
|p 17A0817894
|o snkSB 12059
|0 0
|1 0
|4 0
|d 2012-07-26
|f 1
|l 0
|r 2025-03-12 00:00:00
|w 2026-02-24
|